000 01117njm a22003017a 4500
005 20100917135218.0
007 sd ammalaaahaa
008 100913t xxu||||| |||| 00| 0 hin d
028 _aTAE. 1118
_bOdeon
035 _aGR-03051
040 _aSED/VEN
100 _919606
_aMohd. Rafi
245 _aTajmahal part. 1 & 2 /
_h[sound recording] :
_cby Mohd. Rafi & Lata Mangeshkar ; music Roshan ; lyrics Sahir Ludhianvi
246 _aताजमहल (मोहद. रफ़ी)
260 _aDum Dum, India
_bOdeon
_cn. d.
300 _a1 sound disc [Gramophone record] :
_banalog, 45 rpm
_c7 in.
_fGramophone record
500 _aBrief record.
500 _aOdeon
500 _aBlack
500 _aExended Play
505 _aJo wada kiya, Panw do lene (जो वडा किया) (पांव दो लेने)
650 _aClassical Music
_xExcerpts
_zIndia
_919607
_vFilmi Song
700 _920331
_a Lata Mangeshkar
700 _920425
_aRoshan
700 _920426
_aSahir Ludhianvi
942 _2ddc
_cGR
999 _c46510
_d46510